Regret Theory (Registro nro. 26627)
[ vista simple ]
| 000 -LEADER | |
|---|---|
| fixed length control field | 00330 a2200121 4500 |
| 001 - CONTROL NUMBER | |
| control field | ART_12736 |
| 005 - DATE AND TIME OF LATEST TRANSACTION | |
| control field | 20260410161909.0 |
| 008 - FIXED-LENGTH DATA ELEMENTS--GENERAL INFORMATION | |
| fixed length control field | 260409a |
| 100 1# - MAIN ENTRY--PERSONAL NAME | |
| Personal name | Sugden, Robert |
| 245 10 - TITLE STATEMENT | |
| Title | Regret Theory |
| 700 1# - ADDED ENTRY--PERSONAL NAME | |
| Personal name | Loomes, Graham |
| 773 0# - HOST ITEM ENTRY | |
| Title | The Economic Journal |
| Related parts | - Vol. 92, Nº 368 (dic. 1982) |
| Record control number | REV12512 |
No hay ítems disponibles.